Music Quiz

Random Music or Rock Quiz

Heere's .. no, he's gone Quiz Stats

Quiz not verified by Sporcle

Challenge
Share
Tweet
Embed
Score 0/254 Timer 06:00
0 Plays Today
% Correct
(solo)
100%
a
96.2%
I
92.3%
I
92.3%
I
92.3%
I
92.3%
the
88.5%
the
88.5%
the
88.5%
the
88.5%
the
88.5%
the
88.5%
the
88.5%
the
88.5%
you
80.8%
and
80.8%
and
80.8%
and
80.8%
You
80.8%
you
80.8%
you
80.8%
and
80.8%
you
80.8%
you
80.8%
you
80.8%
you
80.8%
you
80.8%
you
80.8%
and
80.8%
you
80.8%
You
80.8%
you
80.8%
you
80.8%
and
80.8%
you
80.8%
to
76.9%
to
76.9%
to
76.9%
to
76.9%
to
76.9%
to
76.9%
me
73.1%
it
69.2%
it
69.2%
No
69.2%
no
69.2%
it
69.2%
be
69.2%
it
69.2%
No
69.2%
no
69.2%
it
69.2%
No
69.2%
no
69.2%
are
65.4%
in
65.4%
in
65.4%
In
65.4%
in
65.4%
in
65.4%
know
61.5%
one
61.5%
know
61.5%
one
61.5%
know
61.5%
one
61.5%
know
61.5%
But
57.7%
who
57.7%
we
57.7%
we
57.7%
not
57.7%
But
57.7%
why
57.7%
of
57.7%
why
57.7%
when
57.7%
but
57.7%
why
57.7%
not
57.7%
But
57.7%
why
57.7%
of
57.7%
why
57.7%
for
57.7%
% Correct
not
57.7%
But
57.7%
why
57.7%
of
57.7%
why
57.7%
It's
53.8%
your
53.8%
that
53.8%
your
53.8%
how
53.8%
It's
53.8%
your
53.8%
that
53.8%
your
53.8%
her
53.8%
your
53.8%
It's
53.8%
your
53.8%
that
53.8%
your
53.8%
could
50%
was
50%
got
50%
can't
50%
got
50%
can't
50%
Can't
50%
can't
50%
got
50%
can't
50%
got
50%
get
46.2%
I've
46.2%
did
46.2%
so
46.2%
so
46.2%
I've
46.2%
did
46.2%
so
46.2%
were
46.2%
I've
46.2%
did
46.2%
so
46.2%
at
42.3%
have
42.3%
I'm
42.3%
this
42.3%
time
38.5%
say
38.5%
had
38.5%
had
38.5%
say
38.5%
They
38.5%
you're
38.5%
say
38.5%
should
34.6%
should
34.6%
back
34.6%
should
34.6%
back
34.6%
back
34.6%
with
34.6%
should
34.6%
last
30.8%
fault
30.8%
gone
30.8%
fault
30.8%
fault
30.8%
together
26.9%
even
26.9%
reason
26.9%
that's
26.9%
reason
26.9%
that's
26.9%
reason
26.9%
that's
26.9%
reason
26.9%
that's
26.9%
didn't
23.1%
Johnny
23.1%
help
23.1%
Johnny
23.1%
Now
23.1%
find
23.1%
come
23.1%
% Correct
us
23.1%
Johnny
23.1%
help
23.1%
Johnny
23.1%
life
23.1%
Now
23.1%
Johnny
23.1%
help
23.1%
Johnny
23.1%
forever
19.2%
home
19.2%
died
19.2%
die
19.2%
died
19.2%
die
19.2%
died
19.2%
die
19.2%
other
15.4%
people
15.4%
girls
15.4%
lived
15.4%
ask
15.4%
good
15.4%
many
15.4%
leave
15.4%
please
15.4%
ask
15.4%
good
15.4%
many
15.4%
ask
15.4%
good
15.4%
many
15.4%
Yesterday
11.5%
party
11.5%
drunk
11.5%
sang
11.5%
Chasing
11.5%
Bye
11.5%
bye
11.5%
bye
11.5%
bye
11.5%
old
11.5%
friends
11.5%
bye
11.5%
bye
11.5%
today
11.5%
drunk
11.5%
Bye
11.5%
bye
11.5%
bye
11.5%
bye
11.5%
old
11.5%
friends
11.5%
bye
11.5%
bye
11.5%
Bye
11.5%
bye
11.5%
bye
11.5%
bye
11.5%
old
11.5%
friends
11.5%
bye
11.5%
bye
11.5%
cried
7.7%
meaning
7.7%
still
7.7%
sudden
7.7%
Guess
7.7%
raise
7.7%
heaven
7.7%
living
7.7%
free
7.7%
cried
7.7%
meaning
7.7%
stabbed
7.7%
arms
7.7%
street
7.7%
alley
7.7%
prayed
7.7%
passion
7.7%
hiding
7.7%
valley
7.7%
cried
7.7%
meaning
7.7%

You're not logged in!

Compare scores with friends on all Sporcle quizzes.
Join for Free
OR
Log In

You Might Also Like...

Show Comments

Extras

Top Quizzes Today


Score Distribution

Your Account Isn't Verified!

In order to create a playlist on Sporcle, you need to verify the email address you used during registration. Go to your Sporcle Settings to finish the process.

Report this User

Report this user for behavior that violates our Community Guidelines.

Details: